<?xml version="1.0" encoding="UTF-8"?>
<record
    xmlns:xsi="http://www.w3.org/2001/XMLSchema-instance"
    xsi:schemaLocation="http://www.loc.gov/MARC21/slim http://www.loc.gov/standards/marcxml/schema/MARC21slim.xsd"
    xmlns="http://www.loc.gov/MARC21/slim">

  <leader>00869cam a22002411  4500</leader>
  <controlfield tag="001">sa 68010773 </controlfield>
  <controlfield tag="003">DLC</controlfield>
  <controlfield tag="005">20260227112555.0</controlfield>
  <controlfield tag="008">891115s1963    ii ac         000 0 hino </controlfield>
  <datafield tag="010" ind1=" " ind2=" ">
    <subfield code="a">sa 68010773 </subfield>
  </datafield>
  <datafield tag="035" ind1=" " ind2=" ">
    <subfield code="a">(OCoLC)20653183</subfield>
  </datafield>
  <datafield tag="040" ind1=" " ind2=" ">
    <subfield code="a">DLC</subfield>
    <subfield code="c">NRU</subfield>
    <subfield code="d">DLC</subfield>
  </datafield>
  <datafield tag="042" ind1=" " ind2=" ">
    <subfield code="a">premarc</subfield>
  </datafield>
  <datafield tag="050" ind1="0" ind2="0">
    <subfield code="a">PK1931</subfield>
    <subfield code="b">.D24</subfield>
  </datafield>
  <datafield tag="110" ind1="2" ind2=" ">
    <subfield code="a">Dakshi&#x1E47;a Bh&#x101;rata Hind&#x12B; Prac&#x101;ra Sabh&#x101;, &#x100;ndhra.</subfield>
  </datafield>
  <datafield tag="245" ind1="1" ind2="0">
    <subfield code="a">Rajata jayant&#x12B;-sa&#x1E43;smara&#x1E47;agrantha.</subfield>
    <subfield code="c">Sa&#x1E43;p&#x101;daka &#x15A;r&#x12B;niv&#x101;sa Ayya&#x1E45;g&#x101;ra [tath&#x101; anya].</subfield>
  </datafield>
  <datafield tag="260" ind1=" " ind2=" ">
    <subfield code="a">Haider&#x101;b&#x101;da,</subfield>
    <subfield code="b">Rajata Jayant&#x12B; Samit&#x12B;, Dakshi&#x1E47;a Bh&#x101;rata Hind&#x12B; Prac&#x101;ra Sabh&#x101; (&#x100;ndhra)</subfield>
    <subfield code="c">[1963]</subfield>
  </datafield>
  <datafield tag="300" ind1=" " ind2=" ">
    <subfield code="a">1 v. (various pagings)</subfield>
    <subfield code="b">illus., ports.</subfield>
    <subfield code="c">24 cm.</subfield>
  </datafield>
  <datafield tag="500" ind1=" " ind2=" ">
    <subfield code="a">On cover: Rajata jayant&#x12B; mahotsava, 1963.</subfield>
  </datafield>
  <datafield tag="500" ind1=" " ind2=" ">
    <subfield code="a">In Hindi; some messages in English.</subfield>
  </datafield>
  <datafield tag="650" ind1=" " ind2="0">
    <subfield code="a">Hindi language.</subfield>
  </datafield>
  <datafield tag="700" ind1="2" ind2=" ">
    <subfield code="a">Srinivasa Iyengar, D.,</subfield>
    <subfield code="e">ed.</subfield>
  </datafield>
  <datafield tag="999" ind1=" " ind2=" ">
    <subfield code="c">83532</subfield>
    <subfield code="d">83532</subfield>
  </datafield>
</record>
